Tính kếu cấu đặc biệt theo phương pháp phần tử hữu hạn

Nội dung trình bày liên quan đến kiến thức nhiều mặt về toán học, cơ học. Do đó, để đọc hiểu sách, bạn đọc cần có những kiến thức cơ bản về lý thuyết đàn hồi, đạo hàm, tích phân, hình giải tích, đại số vectơ và ma trận. Cần nhấn mạn...

Täydet tiedot

Tallennettuna:
Bibliografiset tiedot
Päätekijä: Võ Như Cầu
Aineistotyyppi: Kirja
Kieli:Vietnamese
Julkaistu: H. Xây Dựng 2007
Aiheet:
Tagit: Lisää tagi
Ei tageja, Lisää ensimmäinen tagi!
Thư viện lưu trữ: Thư viện Trường Đại học Nam Cần Thơ
LEADER 01817nam a22002177a 4500
001 NCT_36280
008 180523b xxu||||| |||| 00| 0 vie d
999 |c 1750  |d 1750 
020 |c 49000 
082 0 4 |2 23rd ed.  |a 624.171  |b C125 
100 1 |a Võ Như Cầu 
245 1 0 |a Tính kếu cấu đặc biệt theo phương pháp phần tử hữu hạn  |c Võ Như Cầu 
260 |a H.  |b Xây Dựng  |c 2007 
300 |a 262 tr.  |b Minh họa  |c 27cm 
500 |a Tài liệu tham khảo dùng cho: - Sinh viên đại học - Sinh viên cao học - Nghiên cứu sinh - Kỹ sư 
520 3 |a Nội dung trình bày liên quan đến kiến thức nhiều mặt về toán học, cơ học. Do đó, để đọc hiểu sách, bạn đọc cần có những kiến thức cơ bản về lý thuyết đàn hồi, đạo hàm, tích phân, hình giải tích, đại số vectơ và ma trận. Cần nhấn mạnh rằng các ví dụ nêu trong sách có khối lượng tính lớn, không thể tính bằng tay mà phải nhờ vào sự hỗ trợ của những chương trình do tác giả biên soạn 
653 |a Kỹ thuật công trình xây dựng 
942 |2 ddc  |c BK 
952 |0 0  |1 0  |2 ddc  |4 0  |6 624_171000000000000_C125  |7 0  |9 8623  |a 000001  |b 000001  |d 2018-05-23  |o 624.171 C125  |p MD.11118  |r 2018-05-23  |v 49000.00  |w 2018-05-23  |y BK 
952 |0 0  |1 0  |2 ddc  |4 0  |6 624_171000000000000_C125  |7 0  |9 8624  |a 000001  |b 000001  |d 2018-05-23  |o 624.171 C125  |p MD.11119  |r 2018-05-23  |v 49000.00  |w 2018-05-23  |y BK 
980 |a Thư viện Trường Đại học Nam Cần Thơ